000
002370000a22000970004500
100
1
_a
Winter, Ralph D.
245
1
0
_a
Las misiones hoy : Prespectivas
300
_a
Vol 5, Núm 10 (1983), Páginas 84-91
773
0
_t
Pastoralia
942
_c
ANA
999
_c
53277
_d
53277